ბათუმის შოთა რუსთაველის სახელმწიფო უნივერსიტეტის ბიბლიოთეკა

რჩეული ფილოსოფიური თხზულებანი 3 ტომად : (ბიბ.ჩანაწერი № 37897)

000 -ლიდერი
ფიქსირებული სიგრძის საკონტროლო ველი 00950nam a2200229Ia 4500
001 - საკონტროლო ნომერი
საკონტროლო ველი 3875
003 - საკონტროლო ნომრის იდენტიფიკატორი
საკონტროლო ველი GE_BSU
005 - ბოლო ოპერაციის თარიღი და დრო
საკონტროლო ველი 20190816150814.0
008 - ფიქსირებული სიგრძის მონაცემთა ელემენტები - ზოგადი ინფორმაცია
ფიქსირებული სიგრძის საკონტროლო ველი 181216s1970||||ge |||||||||||||| ||geo||
040 ## - კატალოგიზაციის წყარო
Transcribing agency GE_BSU
041 ## - ენის კოდი
Language code of text/sound track or separate title geo
080 ## - უნივერსალური ათობითი კლასიფიკაციის ინდექსი
Universal Decimal Classification number 1(09) გ–59
100 ## - მთავარი ჩანაწერი - პიროვნების სახელი
Personal name გოგიბერიძე, მოსე
9 (RLIN) 3633
245 ## - ცნობა სათაურის შესახებ
Title რჩეული ფილოსოფიური თხზულებანი 3 ტომად :
Remainder of title ტ.1 /
Statement of responsibility, etc რედ.: გ.თევზაძე; თ. კოპლატაძე.
264 ## - წარმოების, გამოცემის, დისტრიბუციის და სხვა ცნობები
გამოცემის, წარმოების, დისტრიბუციის... ადგილი თბ. :
გამოცემის, წარმოების, დისტრიბუციის... სახელწოდება თბილ. უნ-ტის გამ-ბა,
გამოცემის, წარმოების, დისტრიბუციის... თარიღი 1970.
300 ## - ფიზიკური აღწერა
Extent 452 გვ.;
Other physical details 22 სმ.
653 ## - INDEX TERM--UNCONTROLLED
Uncontrolled term ფილოსოფია
653 ## - INDEX TERM--UNCONTROLLED
Uncontrolled term ფილოსოფიის ისტორია
700 ## - ADDED ENTRY--PERSONAL NAME
Personal name თევზაძე, გ.
Relator term რედაქტორი
9 (RLIN) 3650
700 ## - ADDED ENTRY--PERSONAL NAME
Personal name კოპლატაძე, თ.
Relator term რედაქტორი
9 (RLIN) 3651
942 ## - ADDED ENTRY ELEMENTS (KOHA)
Koha item type წიგნი
Source of classification or shelving scheme
ეგზემპლარები
ჩამოწერის სტატუსი დაკარგული ეგზემპლარის სტატუსი კლასიფიკაციის წყარო ან თაროზე გაწყობის სქემა დაზიანების სტატუსი არ გაიცემა მუდმივი მდებარეობა (დაცვის ადგილი) ამჟამინდელი ადგილსამყოფელი თაროზე განთავსების ადგილი შეძენის თარიღი ღირებულება, შესყიდვის ნორმალური ფასი სრული შენახვის შიფრი შტრიხკოდი ბოლო ოპერაციის თარიღი ეგზემპლარის მიმდევრობითი ნომერი (კეტერი?) ფასის ძალაში შესვლის თარიღი ეგზემპლარის სახეობა საჯარო შენიშვნა
          ბათუმის შოთა რუსთაველის სახელმწიფო უნივერსიტეტის მთავარი ბიბლიოთეკა ბათუმის შოთა რუსთაველის სახელმწიფო უნივერსიტეტის მთავარი ბიბლიოთეკა წიგნსაცავი 2018-12-17 10.00 1(09) გ–59 5437 2018-12-17 5437 2018-12-17 წიგნი 10 ლ.
          ბათუმის შოთა რუსთაველის სახელმწიფო უნივერსიტეტის მთავარი ბიბლიოთეკა ბათუმის შოთა რუსთაველის სახელმწიფო უნივერსიტეტის მთავარი ბიბლიოთეკა წიგნსაცავი 2018-12-17 10.00 1(09) გ–59 5438 2018-12-17   2018-12-17 წიგნი 10 ლ.